Polskie miasta na litere P - Statystyki

Ogólne statystyki
  • Ten quiz został rozwiązany 704 razy
  • Średni wynik to 5 z 8
Statystyki odpowiedzi
Województwo Miasto % Poprawnych
Wielkopolskie Poznań
92%
Mazowieckie Płock
70%
Wielkopolskie Piła
64%
Łódzkie Piotrków Trybunalski
64%
Podkarpackie Przemyśl
57%
Mazowieckie Pruszków
54%
Łódzkie Pabianice
52%
Śląskie Piekary Śląskie
41%
Nie znaleziono quizów pasujących do podanych kryteriów
Rozkład punktacji
Procent ludzi z każdym wynikiem
Percentyl według liczby udzielonych odpowiedzi
Twoja historia wyników
Nie rozwiązałeś tego quizu